000
00302nam a22001097a 4500
003
OSt
008
250211b |||||||| |||| 00| 0 eng d
041
_a
eng
245
_a
Code of Practice for General Construction in Steel
_b
IS 800
260
_c
1984.
_a
New Delhi:
_b
Indian Standard Institution,
942
_c
BK
999
_c
19349
_d
19349